Postavenie a význam Eko - hotelov na trhu cestovného ruchu bakalárska práca

Na minha lista:
Detalhes bibliográficos
Autor principal: Kóšová, Lucia
Autor Corporativo: Obchodná fakulta EU. Katedra služieb a cestovného ruchu - zrušené
Outros Autores: Hadarová, Daniela
Formato: Livro
Idioma:eslovaco
Publicado em: Bratislava 2012
Tags: Adicionar Tag
Sem tags, seja o primeiro a adicionar uma tag!

MARC

LEADER 00000nbm a2200000 4500
001 0154413
005 20161109111841.9
041 0 |a slo 
044 |a SK 
245 1 0 |a Postavenie a význam Eko - hotelov na trhu cestovného ruchu  |b bakalárska práca  |c Lucia Kóšová ; školiteľ: Daniela Hadarová 
264 1 |a Bratislava  |c 2012 
300 |a 43 s. 
100 1 |a Kóšová, Lucia 
700 1 |a Hadarová, Daniela 
710 2 |a Obchodná fakulta EU. Katedra služieb a cestovného ruchu - zrušené